00741nam a2200205Ia 4500003000900000008004100009040001600050080002300066245012700089260003500216300001500251650002000266650002600286650001900312700002300331700003200354942000700386999001500393952012700408IN-BaIIA211028s9999 xx 000 0 eng d cIIA Library a047.1:681.3bADV-8 0aAdvances in computersbvol. 8cedited by Franz L. Alt and Morris Rubinoff  aNew YorkbAcademic Pressc1967 axii, 345p. aComputers92283 aData processing94335 aNASA Thesaurus aAlt, Franz L., ed. aRubinoff, Morris, ed.94824 cBK c2996d2996 00104070aBANbBANcGENd1967-12-02g119.62l0o047.1:681.3/ ADV-8p3327r2021-11-05v119.62w1967-12-02yBKGRs. 119.62